000 00588nam a2200217 a 4500
001 BRCA_8409
005 20190320210252.0
008 240415s2014----mx-a######---#000-0#spa-#
020 _a9786076052914
020 _a9786075165936
041 _aspa
044 _amx
050 4 _aN6556.P3
_b.E 2014
245 1 0 _aEn esto ver aquello. Octavio Paz y el arte.
260 _aMéxico
_bCONACULTA : INBA
_c2014
300 _a415 p.
_bil. a color
_c31 cm.
500 _aIncluye catálogo de obra
600 1 4 _aPaz, Octavio
_d1914-1998
_9563
650 1 4 _aArte mexicano
_92321
942 _2lcc
_cB
999 _c8077
_d8077